| 000 | 00539nam a22001457a 4500 | ||
|---|---|---|---|
| 005 | 20250702152241.0 | ||
| 008 | 250702b |||||||| |||| 00| 0 eng d | ||
| 020 | _a9780310201182 | ||
| 050 |
_aBS2341 _b.2 FUL |
||
| 245 |
_aFULL LIFE BIBLE COMMENTARY TO THE NEW TESTAMENT; _bAN INTERNATIONAL COMMENTARY FOR SPIRIT-FILLED CHRISTIANS _cEDITED BY FRENCH L. ARRINGTON AND ROGER STRONSTAD |
||
| 260 |
_aMICHIGAN _bZONDERVAN PUBLISHING HOUSE _cc1999 |
||
| 300 | _axii,1629p | ||
| 700 | _aFRENCH L. ARRINGTON AND ROGER STRONSTAD | ||
| 942 |
_2lcc _cBK _n0 |
||
| 999 |
_c6811 _d6811 |
||